1650 1275 1395 1682 1298 1403 1567 1565 1810 1195 1145 1301 1026 1665 1950 1274 1992 1592 1366 1786 1688 1705 1064 1599 1370 1142 1862 1608 1313 1195 1065 1863 1019 1444 1729 1050 1417 1672 1024 1355 1064 1910 1941 1814 1791 1516 1479 1914 1834 1884 1587 1980 1690 1486 1923 1109 1339 1914 1537 1533 1737 1184 1428 1714 1456 1825 1532 1047 1457 1936 1375 1367 1063 1994 1007 1929 1575 1960 1210 1265 1271 1710 1894 1025 1291 1730 1006 1381 1377 1671 1902 1129 1712 1479 1763 1588 1834 1838 1055 BCNSPRNW ULIB Ver.6.0+V

เปลี่ยนเป็นภาษาไทย

Change to English
 แสดงรายละเอียดบรรณานุกรม
  กลับหน้าหลัก

Brief Record : Get Marc (ISO 2709) : E-mail record : QR code < ปิดหน้าต่าง
LEADER : 00000nam 2200000uu 4500
001    13399112612
003     ULIB
008    110213s2545||||th 000 0 tha d
020    97486517
060 04 WY161^bก496 2541
245 00 การพยาบาลทางศัลยศาสตร์ เล่ม1 /^cสมพร ชินโนรส,บรรณาธิการ
250    พิมพ์ครั้งที่ 5
260    กรุงเทพฯ :^bภาควิชาพยาบาลศาสตร์คณะแพทยศาสตร์โรงพยาบาลรามาธิบดี มหาวิทยาลัยมหิดล,^c2545
300    4 เล่ม :^bภาพประกอบ ;^c2541
504    มีบรรณานุกรมและดรรชนี
650  7 การพยาบาลศัลยศาสตร์
650  7 การพยาบาลผู้ป่วยรับการผ่าตัด
700 0  สมพร ชินโนรส,^eบรรณาธิการ
710 2  มหาวิทยาลัยมหิดล. ^bคณะแพทยศาสตร์โรงพยาบาลรามาธิบดี.^bภาควิชาพยาบาลศาสตร์
945    ^p0^l0^i014034
945    ^p0^l0^i014035
945    ^p0^l0^i014036
945    ^p0^l0^i014037
945    ^p0^l0^i014038
945    ^p0^l0^i014039
995    ทศพร
999 ^a ใช้งานได้ทุกระบบ
รายการนี้ยังไม่มีแท็ก
คุณยังไม่ได้ล็อกอิน คุณสามารถมีกิจกรรมร่วมกับเว็บไซต์ได้ แต่ต้องล็อกอินก่อน ::
  ล็อกอิน

รายการสื่อสารสนเทศ

ลำดับที่ ประเภท เลขเรียก/บาร์โค้ด สถานที่ สถานะ
- ไม่พบข้อมูล -

รายการใกล้เคียง
    หัวเรื่อง [การพยาบาลศัลยศาสตร์]
    หัวเรื่อง [การพยาบาลผู้ป่วยรับการผ่าตัด]

BibComment


ยังไม่เคยถูกคอมเมนท์

คอมเมนท์ทรัพยากรรายการนี้
  คอมเมนท์: การพยาบาลทางศัลยศ..


 Copyright 2026. Bcnsprnw @Library